00640 a2200133 4500020001500000082002100015110004900036245003000085260003900115300002700154505024600181650003000427710004900457 a8423325296 a709.729.1bC397i aCentre de Cultura Contemporania de Barcelona aCuba:bLa Isla Posible... aBarcelonabEdiciones Destinoc1995 a271 p.bcolorc21.5 cm tLo posible y lo imposible La leccion de Miami La isla posibletNacion, Identidad y DiferenciatLas Inscripciones de la ExperienciatModernos, Posmodernos y PerifericostVer, Oir, Creer: Arte y Cultura PopulartExposiciontEspectaculos y Cine xarte moderno- S. XXxcuba aCentre de Cultura Contemporania de Barcelona